000 00609nam a2200181 i 4500
001 63002
003 ES-MaACL
007 t|
008 031127s1962 sp ||||1| spa d
100 1 _aFernández de la Vega, Celestino.
_949678
245 1 3 _aLa tecnificación de la Administración Pública /
_cCelestino Fernández de la Vega.
260 _aMadrid :
_b[Centro de Formación y Perfeccionamiento de Funcionarios,
_c1962]
300 _a86 p. ;
_c21 cm.
490 1 _aEstudios administrativos
830 0 _aEstudios administrativos
_9181549
852 _aES-MaACL
_jE-5773
_bR.90210
999 _c63002
_d63002